000 00489nam a22001937a 4500
003 LK-CoDNM
005 20250116114504.0
008 250116b |||||||| |||| 00| 0 eng d
040 _aLK-CoDNM
_dLK-CoDNM
_eLK-CoDNM
041 _aeng
080 _a10
_bB19
100 _aC. Pagnani, O.S.B.
245 _aFirst notions of logic, Metaphysics, and Ethics
260 _aColombo
_bTimes of Ceylon
_c1891
300 _b272p. ; 24 cm
650 _aScience
650 _a1891
942 _cBK
999 _c236481
_d236481